000 00496nam a2200181Ia 4500
003 OSt
005 20241127114059.0
008 210716s1958 xx 000 0 und d
040 _cAIMIT LIBRARY
041 _aeng
082 _a808.83
_21
_bAUSJ
100 _aAusten, Jane.
_9186816
245 _aPersuasion /
_cBy Jane Austen.
250 _a1st ed.
260 _aNew York :
_bW W Norton and Company Inc ;
_c1958.
300 _axix,270p. ;
_bPB
_c19 cm.
942 _2ddc
_cBK
_e1st ed.
_k808.83 AUSJ
999 _c200223
_d200223